Afrodita : costumbres antiguas /

Salvato in:
Dettagli Bibliografici
Autore principale: Louys, Pierre (autor)
Altri autori: Calbet, A (ilustración) (ilustración), Nahamad Sittón, Elías (edición) (edición)
Natura: Libro
Lingua:spagnolo
Pubblicazione: México : Letras Vivas, 1997, c1997
Serie:(Los Poetas de la Banda Eriza)
Soggetti:
Tags: Aggiungi Tag
Nessun Tag, puoi essere il primo ad aggiungerne!!

MARC

LEADER 00000nam^a2200000^a^4500
001 000054230
005 20250521000000.0
009 20260310090502.866
037 |a Acervo ITESO - Biblioteca 
041 |a ESP 
082 |a 843.  |b LOU 
100 |a Louys, Pierre  |e (autor) 
245 1 0 |a Afrodita :  |b costumbres antiguas /  |c P. Louys ; il. de A. Calbet ; ed. de Elías Nahamad Sittón. 
264 4 |a México :  |b Letras Vivas,  |c 1997, c1997 
300 |a 408 p. 
336 |a texto  |b txt  |2 rdacontenido 
337 |a sin mediación  |b n  |2 rdamedio 
338 |a volumen  |b nc  |2 rdasoporte 
440 5 |a (Los Poetas de la Banda Eriza) 
534 |a Reproducción facsimilar de la edición de 1917, publicada en París 
649 |a XX 
650 |a Novela Francesa 
650 |a Literatura Francesa -  |y Siglo XIX 
650 |a Literatura Erótica -  |z Francia 
700 |a Calbet, A  |e (ilustración) 
700 |a Nahamad Sittón, Elías  |e (edición) 
910 |a Fondo General 
920 |a Impresos - Libros 
930 |a Colección General 
940 |a Literatura 
905 |a 101 
901 |a 0500012722  |b IT1  |c LIT  |u 20250521 
902 |a https://opac.biblio.iteso.mx/vufind/Record/000054230